01012nam a2200193Ia 4500001001000000003001000010008004100020040002500061041001400086100001200100245009300112250001100205260005300216300002900269500018800298501011400486520018800600650003000788L220-4214IT-CnALBA170116s9999||||xx |||||||||||||| ||und|| aIT-CnALBAcIT-CnALBA aBILINGUE  aAA. VV. 0aSACRA SCRITTURA. TOMO XIV. ESDRA E NEEMIA GIUSTA LA VULGATA IN LINGUA LATINA E VOLGARE.  a2a ed. a VENEZIAbBASEGIO LORENZO c1777 [1° Ed.: n.d.] a254 p. (prefazione: 516) aVECCHIO TESTAMENTO TESTO E COMMENTO. INDICE ANALITICO DI ESDRA E NEEMIA. SPIEGAZIONE DEL SENSO LETTERALE E SPIRITULE DEI SS. PADRI E AUTORI ECCLESIASTICI. CURATORE LE MAITRE DE SACY.  aSocietà San Paolo EM - Piazza San Paolo, 14 - 12051 ALBA (CN) (non commercial uses only) ® Copyright 2017 aVECCHIO TESTAMENTO TESTO E COMMENTO. INDICE ANALITICO DI ESDRA E NEEMIA. SPIEGAZIONE DEL SENSO LETTERALE E SPIRITULE DEI SS. PADRI E AUTORI ECCLESIASTICI. CURATORE LE MAITRE DE SACY.  aBIBBIA - TESTI E COMMENTI